000 00785cam a2200241 a 4500
001 000011168
005 20200929162357.0
008 700910s1970 onc b 010 0 eng
020 _a0802016979
020 _a0802061125
040 _aDO-SdBNP
_beng
_cLC
_dBNPHU
050 0 0 _aRT81.C23
_bN87
082 _a610.73/071/171
_bN974e
245 0 0 _aNursing education in a changing society /
_ceditor Mary Q. Innis.
260 _aToronto :
_bUniversity of Toronto Press,
_c1970.
300 _a244 p. ;
_c23 cm.
504 _aBibliografía: p. [241]-244.
650 0 _aNursing
_xStudy and teaching
_zCanada.
_926675
700 1 _aInnis, Mary (Quayle),
_eed.
_926676
710 1 _aToronto.
_bUniversiti.
_bSchool of Nursing.
_926677
910 _aCatalogación por copia / LC
049 _aBNGR
999 _c10893
_d10893